Statystyki dla Najczęściej występujące drzewa w Polsce

Kliknij tutaj aby rozwiązać quiz!

Ogólne statystyki

  • Ten quiz został rozwiązany 7 885 razy
  • Średni wynik to 5 z 7

Statystyki odpowiedzi

HintOdpowiedź% Poprawnych
6%dąb
95%
71,4%sosna zwyczajna
92%
6%świerk pospolity
84%
5.8%brzoza
79%
4,1%buk zwyczajny
64%
2,5%jodła pospolita
58%
5,3%olsza
16%

Rozkład punktacji

Percentyl według liczby udzielonych odpowiedzi

Procent ludzi z każdym wynikiem

Twoja historia wyników

Nie rozwiązałeś tego quizu